[Event "Druzynowe Mistrzostwa Polski - II Liga 2023"]
[Site "Jastrzebia Gora"]
[Date "1899-12-30"]
[Round "6.41"]
[White "Kocierz, Pawel"]
[Black "Paczka, Patryk"]
[Result "1-0"]
[WhiteTitle "I"]
[BlackTitle "I+"]
[WhiteElo "1763"]
[BlackElo "1891"]

1. c4 c5 2. Nf3 g6 3. g3 Bg7 4. Bg2 Nc6 5. O-O Nf6 6. d4 cxd4 7. Nxd4 O-O 8. Nc3
a6 9. h3 Qa5 10. Be3 e6 11. Nb3 Qh5 12. Qc1 h6 13. g4 Qh4 14. f4 Nh7 15. Bf2 Qd8
16. Bc5 Re8 17. Qe3 f5 18. Rad1 Nf6 19. Bb6 Qe7 20. Bc5 Qd8 21. g5 hxg5 22. fxg5
Nh7 23. h4 Ne5 24. Qf4 Nf7 25. Qf2 Ne5 26. Qf4 Nf7 27. e4 Be5 28. Qf3 Nf8 29.
exf5 gxf5 30. Nd5 Ng6 31. Qh5 Nfh8 32. Bb6 exd5 33. Bxd8 Rxd8 34. Bxd5+ Kf8 35.
Rxf5+ Ke7 36. c5 d6 37. Qh7+ Ke8 38. Bf7+ Kf8 39. Bxg6+ Bxf5 40. Bxf5 dxc5 41.
Rf1 1-0

[Event "Druzynowe Mistrzostwa Polski - II Liga 2023"]
[Site "Jastrzebia Gora"]
[Date "1899-12-30"]
[Round "6.42"]
[White "Zakrzewska, Joanna"]
[Black "Pietrzak, Emilia"]
[Result "1-0"]
[WhiteTitle "I++"]
[BlackTitle "I++"]
[WhiteElo "1606"]
[BlackElo "1671"]

1. e4 c5 2. Nf3 e6 3. d4 cxd4 4. Nxd4 Nc6 5. Nc3 Qc7 6. f4 a6 7. Nxc6 Qxc6 8. Bd3
Bc5 9. Qe2 Qc7 10. Bd2 b5 11. a3 Bb7 12. O-O-O Nf6 13. g4 b4 14. axb4 Bxb4 15.
g5 Bxc3 16. Bxc3 Nxe4 17. Be5 Qc6 18. Bxg7 Rg8 19. Be5 Qa4 20. Kb1 Rc8 21. Rhe1
d5 22. Qe3 Qc6 23. Re2 Ke7 24. Qh3 Nc5 25. Bf6+ Kd7 26. Qxh7 Rgf8 27. Bg6 Kc7
28. Bxf7 Kb8 29. g6 Nd7 30. Bd4 Qc4 31. Rf2 e5 32. fxe5 Rh8 33. Qg7 1-0

[Event "Druzynowe Mistrzostwa Polski - II Liga 2023"]
[Site "Jastrzebia Gora"]
[Date "1899-12-30"]
[Round "6.43"]
[White "Lapaj, Mateusz"]
[Black "Luba, Lukasz"]
[Result "1-0"]
[WhiteTitle "k+"]
[BlackTitle "k"]
[WhiteElo "2218"]
[BlackElo "2054"]

1. e4 e5 2. Nf3 Nc6 3. Bb5 a6 4. Bxc6 dxc6 5. O-O Bg4 6. h3 h5 7. d3 Qf6 8. Nbd2
g5 9. d4 Ne7 10. Re1 Ng6 11. hxg4 hxg4 12. Nxe5 Nxe5 13. dxe5 Qh6 14. Kf1 Qh1+
15. Ke2 Qxg2 16. Rg1 Qh2 17. Rxg4 O-O-O 18. Nf3 Qh6 19. Qxd8+ 1-0

[Event "Druzynowe Mistrzostwa Polski - II Liga 2023"]
[Site "Jastrzebia Gora"]
[Date "1899-12-30"]
[Round "6.44"]
[White "Laszewicz, Pawel"]
[Black "Garbowski, Jakub"]
[Result "1/2-1/2"]
[WhiteTitle "k"]
[BlackTitle "k"]
[WhiteElo "1997"]
[BlackElo "2129"]

1. e4 e5 2. Nf3 Nf6 3. Nxe5 d6 4. Nd3 Nxe4 5. Qe2 Qe7 6. Nf4 c6 7. d4 d5 8. Be3
Nd7 9. f3 Nd6 10. Nc3 Nf5 11. Nfxd5 cxd5 12. Nxd5 Nxd4 13. Bxd4 Qxe2+ 14. Bxe2
Bd6 15. Bxg7 Rg8 16. Bc3 Rxg2 17. Bb5 Kf8 18. O-O-O Nc5 19. Kb1 Rg6 20. h4 Be6
21. Nf6 Ke7 22. Rhe1 Bg3 23. Nd5+ Kf8 24. Rh1 Rd8 25. h5 Rg5 26. Nf6 Rxd1+ 27.
Rxd1 Ke7 28. Nxh7 Rf5 29. h6 Bf4 30. Rh1 Bxh6 31. Rxh6 Rxf3 32. Bf6+ Kd6 33. Rh1
Ne4 34. Ng5 Nxg5 35. Bxg5 Rf5 36. Be3 Rxb5 37. Bxa7 Bxa2+ 38. Kxa2 Ra5+ 39. Kb3
Rxa7 40. c4 Ra8 41. Rh6+ Ke5 42. Kb4 f5 43. Kb5 f4 44. Rh5+ Ke4 45. Rh7 Rf8 46.
Rxb7 f3 47. Re7+ Kd4 48. Rd7+ Ke3 49. c5 Ke2 50. Rh7 f2 51. Rh1 Rb8+ 52. Kc6 Rxb2
53. Kc7 Rd2 54. c6 Rd1 55. Rh2 1/2-1/2

[Event "Druzynowe Mistrzostwa Polski - II Liga 2023"]
[Site "Jastrzebia Gora"]
[Date "1899-12-30"]
[Round "6.45"]
[White "Stachanczyk, Jacek"]
[Black "Majocha, Piotr"]
[Result "1/2-1/2"]
[WhiteTitle "IM"]
[BlackTitle "I++"]
[WhiteElo "2126"]
[BlackElo "2004"]

1. c4 c5 2. g3 Nc6 3. Bg2 g6 4. Nc3 Bg7 5. Nf3 e5 6. O-O Nge7 7. a3 O-O 8. Ne1
d6 9. Nc2 Be6 10. Ne3 a5 11. Rb1 Rb8 12. Ned5 Bxd5 13. Nxd5 Nxd5 14. Bxd5 Ne7
15. Bg2 b5 16. d3 b4 17. Bd2 h6 18. axb4 axb4 19. Ra1 f5 20. e3 Qd7 21. Ra6 h5
22. Qe2 Rbc8 23. b3 Rc7 24. Rfa1 Nc8 25. Bc1 Ra7 26. Bb2 Rxa6 27. Rxa6 Ne7 28.
Qd1 f4 29. exf4 exf4 30. Bxg7 Kxg7 31. Qa1+ Kh6 32. Ra7 Qe6 33. Be4 Nf5 34. Bxf5
Rxf5 35. h4 Qf6 36. Qxf6 Rxf6 37. Kg2 fxg3 38. fxg3 g5 1/2-1/2

[Event "Druzynowe Mistrzostwa Polski - II Liga 2023"]
[Site "Jastrzebia Gora"]
[Date "1899-12-30"]
[Round "6.46"]
[White "Machlowski, Slawomir"]
[Black "Musial, Igor"]
[Result "0-1"]
[WhiteTitle "I+"]
[BlackTitle "I+"]
[WhiteElo "1960"]
[BlackElo "2021"]

1. Nf3 c5 2. g3 b6 3. Bg2 Bb7 4. O-O Nf6 5. b3 e6 6. c4 Be7 7. Bb2 d6 8. d4 cxd4
9. Nxd4 Bxg2 10. Kxg2 Qc7 11. Nc3 a6 12. f3 O-O 13. e4 Nbd7 14. Qe2 Rfe8 15. Rac1
Bf8 16. Rfd1 Rac8 17. Qd2 Qb7 18. Nde2 Red8 19. Qe3 Nc5 20. Nd4 Re8 21. Rd2 Ncd7
22. h3 Qb8 23. Re1 Red8 24. f4 Qb7 25. Kh2 Nc5 26. f5 e5 27. Nf3 b5 28. cxb5 axb5
29. b4 Na4 30. Nxa4 bxa4 31. a3 Rc4 32. Qd3 Rxe4 33. Bxe5 Rxe1 34. Bxf6 Re4 35.
Bd4 Rc8 36. g4 d5 37. Be5 d4 38. Bxd4 Rd8 39. f6 Rexd4 0-1

[Event "Druzynowe Mistrzostwa Polski - II Liga 2023"]
[Site "Jastrzebia Gora"]
[Date "1899-12-30"]
[Round "6.47"]
[White "Krol, Rafal"]
[Black "Szydelko, Michal"]
[Result "1/2-1/2"]
[WhiteTitle "I++"]
[BlackTitle "I++"]
[WhiteElo "2018"]
[BlackElo "1731"]

1. d4 Nf6 2. Nf3 c6 3. g3 g6 4. Bg2 Bg7 5. O-O O-O 6. c4 d6 7. Nc3 Bf5 8. b3 Ne4
9. Bb2 Nxc3 10. Bxc3 Be4 11. Rc1 Nd7 12. Re1 Re8 13. Nh4 Bxg2 14. Nxg2 e5 15.
e4 Nf8 16. d5 c5 17. Ne3 Nd7 18. a4 Bh6 19. h4 Rf8 20. Qg4 Nf6 21. Qf3 Ne8 22.
Rb1 a5 23. Ng4 Bg7 24. h5 f5 25. Ne3 fxe4 26. Qg4 Qf6 27. Qe6+ Qxe6 28. dxe6 Nc7
29. Rbd1 Ra6 30. e7 Re8 31. Nd5 Nxd5 32. Rxd5 Rxe7 33. hxg6 hxg6 34. Red1 Re6
35. Kf1 Rf6 36. Bd2 Rf3 37. Be3 Bf8 38. Ke2 Rb6 39. Rb1 Kf7 40. Rdd1 Ke6 41. Rh1
d5 42. cxd5+ Kxd5 43. Rh8 Ke6 44. Rg8 Rb4 45. Rxg6+ Kf7 46. Rg4 Rf6 47. Bd2 Rd4
48. Bc3 Ke6 49. Bxd4 cxd4 50. Rxe4 Kd5 51. f3 Rc6 52. Rd1 Bb4 53. g4 Rc2+ 54.
Kf1 Rc3 55. Kg2 d3 56. g5 Rc2+ 57. Kf1 d2 58. g6 Rc7 59. Ke2 Rg7 60. Rg1 Bc5 61.
Rg5 Bb4 62. Rexe5+ Kd4 63. Rd5+ Kc3 64. Rxd2 Kxb3 65. Rd3+ Kxa4 66. f4 b5 67.
f5 Be7 68. Rg4+ b4 69. Rd7 Ka3 70. Re4 b3 71. Rexe7 b2 72. Rxg7 b1=Q 73. Rgf7
Qe4+ 74. Kd2 Qf4+ 75. Kd3 Qf3+ 76. Kd4 Qf2+ 77. Kd5 Qa2+ 78. Kd6 Qd2+ 79. Ke7
Qb4+ 80. Rd6 Qb7+ 81. Rd7 Qb4+ 82. Kf6 Qc3+ 83. Kg5 Qe3+ 84. Kf6 Qc3+ 85. Ke7
Qe5+ 86. Kf8 Qh8+ 1/2-1/2

[Event "Druzynowe Mistrzostwa Polski - II Liga 2023"]
[Site "Jastrzebia Gora"]
[Date "1899-12-30"]
[Round "6.48"]
[White "Dmochowska, Agnieszka"]
[Black "Guzik, Jolanta"]
[Result "0-1"]
[WhiteTitle "WFM"]
[BlackTitle "WFM"]
[WhiteElo "2040"]
[BlackElo "1965"]

1. e4 e5 2. Nf3 Nf6 3. Nxe5 d6 4. Nf3 Nxe4 5. d4 d5 6. Bd3 Bd6 7. Nc3 Nxc3 8. bxc3
Bg4 9. Rb1 b6 10. O-O O-O 11. h3 Bh5 12. c4 c6 13. Re1 Nd7 14. cxd5 cxd5 15. Rb5
Nf6 16. Bg5 h6 17. Bh4 a6 18. Rb3 b5 19. Bf5 Bg6 20. Bd3 Bh5 21. Bf5 Bg6 22. Bxg6
fxg6 23. Ne5 g5 24. Bg3 Rc8 25. h4 Ne4 26. Qg4 Bxe5 27. Bxe5 Rxc2 28. f3 Nd2 29.
Qe6+ Kh7 30. Ra3 gxh4 31. Rxa6 Qg5 32. Qg4 Qxg4 33. fxg4 Rf7 34. a3 h3 35. Kh1
hxg2+ 36. Kxg2 Nf3+ 37. Kf1 Nxd4+ 38. Kg1 Nf3+ 39. Kf1 Nxe5+ 0-1

[Event "Druzynowe Mistrzostwa Polski - II Liga 2023"]
[Site "Jastrzebia Gora"]
[Date "1899-12-30"]
[Round "6.49"]
[White "Suder, Jakub"]
[Black "Sliwicka, Alicja"]
[Result "1/2-1/2"]
[WhiteTitle "FM"]
[BlackTitle "WIM"]
[WhiteElo "2304"]
[BlackElo "2321"]

1. d4 Nf6 2. c4 e6 3. Nc3 d5 4. cxd5 exd5 5. Bg5 Be7 6. e3 h6 7. Bh4 O-O 8. Bd3
Re8 9. Nge2 c6 10. Qc2 a5 11. O-O Na6 12. a3 Nc7 13. Na4 Ne6 14. Rfc1 b5 15. Bxf6
Bxf6 16. Nc5 Nxc5 17. Qxc5 Bd7 18. Qc2 Be7 19. Bh7+ Kh8 20. Bf5 Rc8 21. Bxd7 Qxd7
22. Nf4 Bd6 23. Nd3 Qc7 24. g3 h5 25. Qd1 g6 26. Qf3 Kg7 27. Nf4 Qd7 28. Rc2 Rb8
29. Rac1 Rb6 30. Kg2 1/2-1/2

[Event "Druzynowe Mistrzostwa Polski - II Liga 2023"]
[Site "Jastrzebia Gora"]
[Date "1899-12-30"]
[Round "6.51"]
[White "Mirski, Michal"]
[Black "Praczukowski, Stanislaw"]
[Result "0-1"]
[WhiteTitle "I++"]
[BlackTitle "k"]
[WhiteElo "1995"]
[BlackElo "2142"]

1. e4 e5 2. Nf3 Nc6 3. Bc4 Bc5 4. O-O Nf6 5. d3 O-O 6. c3 d5 7. exd5 Nxd5 8. b4
Be7 9. Re1 Bf6 10. Bb2 Bf5 11. Nbd2 Nb6 12. Ne4 Nxc4 13. dxc4 Qxd1 14. Nxf6+ gxf6
15. Raxd1 Be6 16. Nd2 Rad8 17. a3 Bf5 18. Nf1 Be6 19. Ne3 Ne7 20. f3 Kg7 21. Kf2
Nc8 22. c5 Bb3 23. Rxd8 Rxd8 24. Nf5+ Kf8 25. Bc1 Be6 26. Bh6+ Ke8 27. Ng3 Ne7
28. Nh5 Ng8 29. Bg7 Ke7 30. f4 Rd2+ 31. Ke3 Rxg2 32. Ng3 exf4+ 33. Kxf4 Rf2+ 34.
Ke4 Rxh2 35. Nf5+ Ke8 36. Nd4 Rg2 37. Bh8 h5 38. Rh1 Rg5 39. Kf4 Ke7 40. Nb5 Rg4+
41. Ke3 h4 42. c6 bxc6 43. Nxa7 Bd5 44. Rh2 Nh6 45. Rf2 Re4+ 46. Kd3 Ng4 47. Rf5
h3 48. Rh5 Re5 49. Kd4 0-1

[Event "Druzynowe Mistrzostwa Polski - II Liga 2023"]
[Site "Jastrzebia Gora"]
[Date "1899-12-30"]
[Round "6.52"]
[White "Gorkiewicz, Mateusz"]
[Black "Pietrzak, Tomasz"]
[Result "1/2-1/2"]
[WhiteTitle "k"]
[BlackTitle "I"]
[WhiteElo "2133"]
[BlackElo "1786"]

1. e4 c5 2. Nf3 e6 3. d4 cxd4 4. Nxd4 Nf6 5. Nc3 Nc6 6. Ndb5 Bc5 7. Bf4 O-O 8.
Bc7 Qe7 9. Bd6 Bxd6 10. Qxd6 Ne8 11. Qxe7 Nxe7 12. O-O-O f5 13. e5 Ng6 14. Re1
a6 15. Nd4 b5 16. h4 Bb7 17. h5 Nf4 18. Rh4 g5 19. hxg6 Nxg6 20. Rh2 Ng7 21. Nb3
Rac8 22. f3 Rfd8 23. a4 b4 24. Nb1 Bd5 25. N1d2 d6 26. exd6 Rxd6 27. Na5 e5 28.
Ndc4 Re6 29. Ne3 Ne7 30. Nxd5 Nxd5 31. Nc4 e4 32. Rd1 Rc5 33. fxe4 fxe4 34. g4
e3 35. Re1 Re4 36. b3 Rxg4 37. Nxe3 Nxe3 38. Rxe3 Nf5 39. Re1 a5 40. Bd3 Rg5 41.
Re8+ Kf7 42. Rh8 h6 43. Rh7+ Rg7 44. Bxf5 Rxf5 45. R2xh6 Rxh7 46. Rxh7+ Ke6 47.
Kd2 Kd6 48. Ra7 Kc6 49. Ra6+ Kb7 50. Re6 Rc5 51. Rf6 Ka7 52. Rf2 Rc3 53. Rf4 Kb6
54. Rc4 Rh3 55. Ke2 Rg3 56. Re4 Rc3 57. Kd2 Ka6 58. Re3 Rc5 59. Re6+ Kb7 60. Rf6
Ka7 61. Rf4 Rc3 62. Rc4 Rh3 63. Rd4 Kb6 64. Re4 Rc3 65. Re5 Ka6 66. Re6+ Kb7 67.
Rg6 Ka7 68. Rh6 Kb7 69. Re6 Ka7 70. Re3 Rc5 71. Re2 Rc3 72. Re4 Kb6 73. Rc4 Rh3
74. Rf4 Rc3 75. Rf6+ Kb7 76. Re6 Ka7 77. Re8 Kb6 78. Rd8 Kb7 79. Rd3 Rc5 80. Rf3
Kb6 81. Rg3 Kb7 82. Rg4 Rc3 83. Rg6 Ka7 84. Re6 Kb7 85. Re3 Rc5 86. c4 bxc3+ 87.
Rxc3 Rxc3 88. Kxc3 Kc7 89. Kd3 Kd7 90. Ke3 Ke7 91. Ke4 Ke6 92. Kd4 Kd6 93. Kc4
Kc6 94. Kd4 Kd6 95. Kc4 1/2-1/2

[Event "Druzynowe Mistrzostwa Polski - II Liga 2023"]
[Site "Jastrzebia Gora"]
[Date "1899-12-30"]
[Round "6.53"]
[White "Soliwoda, Zygmunt"]
[Black "Tamon, Radoslaw"]
[Result "0-1"]
[WhiteTitle "I"]
[BlackTitle "I"]
[WhiteElo "1752"]
[BlackElo "1845"]

1. d4 Nf6 2. Nf3 c5 3. g3 cxd4 4. Nxd4 e5 5. Nb3 Nc6 6. Bg2 Be7 7. O-O d5 8. c4
Be6 9. cxd5 Nxd5 10. Nc3 Nxc3 11. bxc3 Qc7 12. Be3 Rd8 13. Qc2 Nb4 14. Qb2 Nd5
15. Bd2 O-O 16. Rac1 Nb6 17. Rfd1 Nc4 18. Qc2 a5 19. Be1 a4 20. Nd2 b5 21. Be4
f5 22. Nxc4 Rxd1 23. Rxd1 Qxc4 24. Bd3 Qxa2 25. Qxa2 Bxa2 26. Bxb5 Ra8 27. c4
Bb3 28. Rb1 e4 29. Bc3 Bf6 30. Bxf6 gxf6 31. c5 Ra5 32. Rxb3 axb3 33. Bc4+ Kf8
34. Bxb3 Rxc5 35. e3 Ke7 36. Kg2 Rc3 37. Ba4 Kd6 38. Kf1 Ra3 39. Bb5 Ra5 40. Bc4
h6 41. Bb3 Kc5 42. Be6 Kb4 43. Bd7 Kc3 44. Be6 Kd2 45. Bd7 Rc5 46. Be6 Rb5 47.
Bd7 Rb1+ 48. Kg2 Ke1 49. Bxf5 Rb2 50. Bxe4 Rxf2+ 51. Kh3 Ke2 52. Bb7 Kxe3 53.
g4 Kf4 54. Bc6 Rd2 55. Bb7 Rc2 56. Bc6 Rc5 57. Bb7 h5 58. gxh5 Rxh5+ 59. Kg2 Ke3
60. Kg3 Rg5+ 61. Kh4 Rg7 62. Bc8 Kf4 63. Kh5 Rg8 64. Be6 Rh8+ 65. Kg6 Ke5 0-1

[Event "Druzynowe Mistrzostwa Polski - II Liga 2023"]
[Site "Jastrzebia Gora"]
[Date "1899-12-30"]
[Round "6.54"]
[White "Sliwicka, Weronika"]
[Black "Uliasz, Katarzyna"]
[Result "0-1"]
[WhiteTitle "I"]
[BlackTitle "I++"]
[WhiteElo "1526"]
[BlackElo "1764"]

1. e4 e5 2. Nf3 Nc6 3. Nc3 Nf6 4. d4 exd4 5. Nxd4 Bb4 6. Nxc6 bxc6 7. Bd3 d5 8.
exd5 cxd5 9. O-O O-O 10. Bg5 c6 11. Qf3 Bd6 12. h3 Rb8 13. Rab1 h6 14. Bh4 Rb4
15. Bxf6 Qxf6 16. Qxf6 gxf6 17. Ne2 c5 18. b3 Be6 19. c3 Rb6 20. f4 Re8 21. f5
c4 22. fxe6 cxd3 23. exf7+ Kxf7 24. Nf4 Bxf4 25. Rxf4 d2 26. Kf2 Rbe6 27. Rd1
Re2+ 28. Kg3 h5 29. Rd4 Rg8+ 30. Kf3 Rgxg2 31. Rxd5 Kg6 32. h4 f5 33. Rd6+ Kf7
34. Kf4 Ke7 35. Rd3 Ref2+ 36. Ke5 Rg6 37. R1xd2 Re6+ 38. Kd4 Re4+ 39. Kc5 Rxd2
40. Rxd2 Rxh4 41. Kc6 f4 42. c4 f3 43. c5 Rf4 44. Rf2 Ke6 45. a3 Ke5 46. Kd7 Ke4
47. Ke7 Ke3 48. c6 Rg4 49. Kf7 Rg1 50. c7 Rc1 51. Rf1 Rxc7+ 0-1

[Event "Druzynowe Mistrzostwa Polski - II Liga 2023"]
[Site "Jastrzebia Gora"]
[Date "1899-12-30"]
[Round "6.55"]
[White "Janocha, Wieslaw"]
[Black "Romanishin, Oleg M"]
[Result "1/2-1/2"]
[WhiteTitle "FM"]
[BlackTitle "GM"]
[WhiteElo "2208"]
[BlackElo "2385"]

1. e4 e5 2. Nf3 Nc6 3. Nc3 Nf6 4. d4 exd4 5. Nxd4 Bb4 6. Nxc6 bxc6 7. Bd3 d5 8.
exd5 cxd5 9. O-O O-O 10. Bg5 c6 11. Qf3 Re8 12. Bxf6 Qxf6 13. Qxf6 gxf6 14. Ne2
Rb8 15. Ng3 Bd6 16. Rae1 Rxe1 17. Rxe1 Be6 18. b3 Bxg3 19. fxg3 c5 20. c3 a5 21.
Rb1 Rd8 22. Rd1 Kg7 23. Kf2 f5 24. Ke3 Kf6 25. Kf4 Rb8 26. Rb1 Rd8 27. Rd1 Rb8
1/2-1/2

[Event "Druzynowe Mistrzostwa Polski - II Liga 2023"]
[Site "Jastrzebia Gora"]
[Date "1899-12-30"]
[Round "6.56"]
[White "Steczek, Marcin"]
[Black "Wieczorek, Mikolaj"]
[Result "1/2-1/2"]
[WhiteTitle "FM"]
[BlackTitle "I++"]
[WhiteElo "2350"]
[BlackElo "1903"]

1. d4 Nf6 2. Bg5 c5 3. Bxf6 exf6 4. dxc5 Bxc5 5. e3 O-O 6. Nd2 d5 7. Nb3 Bb6 8.
Bd3 Nc6 9. Ne2 Qe7 10. c3 Bg4 11. Qc2 Bxe2 12. Bxe2 Rac8 13. Rd1 Qe5 14. O-O f5
15. g3 Rfd8 16. Qd3 a6 17. Rfe1 Qe4 18. Nd2 Qe6 19. Nf3 g6 20. a3 Qe4 21. Ng5
Qe7 22. Nh3 Ne5 23. Qb1 Rd7 24. Nf4 Rcd8 25. h4 h6 26. Qa2 Qc5 27. Nd3 Nxd3 28.
Bxd3 f4 29. b4 Qxc3 30. exf4 Qf6 31. Re5 Bd4 32. Re2 Rc7 33. Rc2 Re7 34. Rdc1
g5 35. hxg5 hxg5 36. f5 Kg7 37. Kg2 Bb6 38. Qb2 Qxb2 39. Rxb2 Kf6 40. Rh1 Bd4
41. Rc2 Kg7 42. Kf3 Bf6 43. a4 Rh8 44. Rxh8 Kxh8 45. b5 axb5 46. axb5 Kg7 47.
Kg4 Rd7 48. Rc8 Bd8 49. Rc1 Kf6 50. f4 gxf4 51. gxf4 Re7 52. Rh1 Re3 53. Rh6+
Kg7 54. Rd6 Rxd3 55. Rxd8 Rd1 56. Rd6 d4 57. f6+ Kg6 58. f5+ Kh6 59. Rd8 Kh7 60.
Rf8 d3 61. Kf3 d2 62. Rxf7+ Kg8 63. Rd7 Rb1 64. Rxd2 Rxb5 65. Kf4 Rb1 66. f7+
Kxf7 67. Rd7+ Kf6 68. Rd6+ Rb5 1/2-1/2

[Event "Druzynowe Mistrzostwa Polski - II Liga 2023"]
[Site "Jastrzebia Gora"]
[Date "1899-12-30"]
[Round "6.57"]
[White "Gibala, Adam"]
[Black "Bednarek, Sylwester"]
[Result "1-0"]
[WhiteTitle "I"]
[BlackTitle "FM"]
[WhiteElo "1828"]
[BlackElo "2268"]

1. d4 Nf6 2. c4 g6 3. Nf3 Bg7 4. g3 O-O 5. Bg2 d6 6. O-O c6 7. Nc3 Qb6 8. h3 Qa6
9. b3 b5 10. Nd2 bxc4 11. Nxc4 Be6 12. Qd3 Nbd7 13. Ne5 Qxd3 14. Nxd3 Nd5 15.
Bb2 Nxc3 16. Bxc3 Rac8 17. Rac1 Nb6 18. Nf4 Bd7 19. e3 h5 20. h4 Bf5 21. Ba5 e5
22. dxe5 dxe5 23. Ne2 Bd3 24. Rfe1 c5 25. Nc3 f5 26. Bxb6 axb6 27. Nd5 Rb8 28.
e4 Bh6 29. Rcd1 Bc2 30. Ra1 b5 31. exf5 gxf5 32. Ne7+ Kf7 33. Nc6 e4 34. Nxb8
Rxb8 35. Rac1 Bxc1 36. Rxc1 Bd3 37. Rxc5 Ke6 38. Bh3 e3 39. fxe3 Ra8 40. Bf1 Kd6
41. b4 Be4 42. Bg2 Ra7 43. a3 Rxa3 44. Bxe4 Ra2 45. Rxb5 fxe4 46. Rg5 Re2 47.
Rxh5 Rxe3 48. Rg5 Ke6 49. Kf2 Rb3 50. b5 Kf6 51. g4 Rf3+ 52. Kg2 Rb3 53. Rf5+
Ke6 54. h5 Rb2+ 55. Kg3 e3 56. h6 Rh2 57. Rf3 Rxh6 58. Rxe3+ Kd5 59. Rb3 Rb6 60.
Rf3 Ke6 61. Rf5 Rb8 62. Kf4 Ra8 63. b6 Ra4+ 64. Kg5 Rb4 65. Rf6+ Ke5 66. Rg6 Rb1
67. Kh6 Kf4 68. Kg7 Rb5 69. Kf8 Rb1 70. Ke7 Rd1 71. Rd6 Rb1 72. Kd7 Kxg4 73. Kc7
Kf5 74. b7 Ke5 75. Rb6 1-0

[Event "Druzynowe Mistrzostwa Polski - II Liga 2023"]
[Site "Jastrzebia Gora"]
[Date "1899-12-30"]
[Round "6.58"]
[White "Smagalski, Slawomir"]
[Black "Nagly, Wojciech"]
[Result "1/2-1/2"]
[WhiteTitle "I++"]
[BlackTitle "I"]
[WhiteElo "1942"]
[BlackElo "1833"]

1. Nf3 c5 2. c4 Nc6 3. Nc3 g6 4. g3 Bg7 5. Bg2 e6 6. O-O Nge7 7. d3 O-O 8. Bd2
d5 9. Qc1 b6 10. Bh6 Bxh6 11. Qxh6 Nf5 12. Qf4 Bb7 13. Rad1 Ncd4 14. Ne1 Re8 15.
Qc1 Ne7 16. b3 Qd7 17. e3 Ndc6 18. Nf3 Rad8 19. Ne2 Qc7 20. h4 Ne5 21. Nxe5 Qxe5
22. d4 Qc7 23. dxc5 Qxc5 24. Qb2 Ba6 25. cxd5 Nxd5 26. Bf3 Bxe2 27. Bxe2 Qc3 28.
Qa3 Qe5 29. Kg2 Rc8 30. Rd2 a5 31. Bf3 Red8 32. Rfd1 Qf6 33. Bxd5 Rxd5 34. Qa4
Rxd2 35. Rxd2 1/2-1/2

[Event "Druzynowe Mistrzostwa Polski - II Liga 2023"]
[Site "Jastrzebia Gora"]
[Date "1899-12-30"]
[Round "6.59"]
[White "Dobrowolski, Kamil"]
[Black "Walaszczyk, Witold"]
[Result "0-1"]
[WhiteTitle "II+"]
[BlackTitle "k"]
[WhiteElo "1648"]
[BlackElo "1945"]

1. e4 c6 2. d4 g6 3. Nc3 Bg7 4. f4 Qb6 5. Nf3 d5 6. Be2 Bg4 7. exd5 Nh6 8. Ne5
Bxe2 9. Nxe2 cxd5 10. Ng3 f6 11. Nf3 Nc6 12. c3 O-O 13. Qe2 e5 14. dxe5 fxe5 15.
fxe5 Ng4 16. h3 Ngxe5 17. Be3 Nxf3+ 18. gxf3 d4 19. cxd4 Nxd4 20. Bxd4 Qxd4 21.
Ne4 Rae8 22. Rb1 Rxf3 23. Nf6+ Bxf6 24. Qxe8+ Kg7 25. Qb5 Bh4+ 26. Ke2 Rf2+ 27.
Ke1 Qd2# 0-1

[Event "Druzynowe Mistrzostwa Polski - II Liga 2023"]
[Site "Jastrzebia Gora"]
[Date "1899-12-30"]
[Round "6.60"]
[White "Bukowska, Katarzyna"]
[Black "Popczynska, Michalina"]
[Result "1-0"]
[WhiteTitle "k++"]
[BlackTitle "I"]
[WhiteElo "1732"]
[BlackElo "1502"]

1. e4 c5 2. Nf3 Nc6 3. Nc3 g6 4. d4 cxd4 5. Nxd4 Bg7 6. Nb3 Nf6 7. Be2 O-O 8. O-O
d6 9. Bg5 a5 10. a4 Be6 11. Qd2 Rc8 12. Rfe1 Bxb3 13. cxb3 Qb6 14. Bc4 Ne5 15.
Bb5 h5 16. Bxf6 exf6 17. Nd5 Qd8 18. Rac1 Rc5 19. b4 axb4 20. Qxb4 b6 21. Bf1
Nd7 22. Red1 Re8 23. Bb5 Kh8 24. Bxd7 Qxd7 25. Nxb6 Rxc1 26. Rxc1 Qg4 27. Qc4
Qxe4 28. Qxe4 Rxe4 29. a5 Rb4 30. a6 Rxb6 31. a7 Ra6 32. Rc8+ Kh7 33. a8=Q Rxa8
34. Rxa8 f5 35. b4 d5 36. b5 Bd4 37. Rd8 Kg7 38. Rxd5 Ba7 39. Rd6 Bb8 40. Rc6
f6 41. b6 Kf7 42. b7 Ke7 43. Rc8 Ba7 44. Ra8 1-0

[Event "Druzynowe Mistrzostwa Polski - II Liga 2023"]
[Site "Jastrzebia Gora"]
[Date "1899-12-30"]
[Round "6.61"]
[White "Karut, Kacper"]
[Black "Rudolf, Michal"]
[Result "1/2-1/2"]
[WhiteTitle "I"]
[BlackTitle "FM"]
[WhiteElo "2065"]
[BlackElo "2287"]

1. e4 e6 2. d4 d5 3. Nd2 c5 4. exd5 Qxd5 5. Ngf3 cxd4 6. Bc4 Qd8 7. O-O Nc6 8.
Nb3 a6 9. Nbxd4 Nxd4 10. Nxd4 Qc7 11. Qe2 Bd6 12. h3 Ne7 13. c3 Bd7 14. Be3 O-O
15. Rad1 Ng6 16. Bb3 Rac8 17. Rd2 Be7 18. Rfd1 Rfd8 19. Qh5 Bf6 20. Nf3 Bc6 21.
Ng5 Bxg5 22. Qxg5 Rxd2 1/2-1/2

[Event "Druzynowe Mistrzostwa Polski - II Liga 2023"]
[Site "Jastrzebia Gora"]
[Date "1899-12-30"]
[Round "6.62"]
[White "Kaim, Piotr"]
[Black "Pacuszka, Tomasz"]
[Result "0-1"]
[WhiteTitle "m"]
[BlackTitle "FM"]
[WhiteElo "2161"]
[BlackElo "2156"]

1. Nf3 d5 2. c4 e6 3. g3 Nf6 4. Bg2 Be7 5. O-O O-O 6. d4 Nbd7 7. Qc2 a6 8. b3 c5
9. cxd5 Nxd5 10. Bb2 b6 11. Nc3 Bb7 12. Nxd5 Bxd5 13. e4 Bb7 14. d5 exd5 15. exd5
Ra7 16. Rad1 Qa8 17. Rfe1 Bf6 18. Ne5 Nxe5 19. Bxe5 Bxe5 20. Rxe5 Qd8 21. Be4
g6 22. d6 Bxe4 23. Qxe4 Rd7 24. Qc6 Kg7 25. h4 h5 26. Qd5 Qf6 27. Re2 a5 28. Qc6
Qd8 29. Kh2 Kg8 30. Rdd2 Kg7 31. Re3 Kg8 32. Kg1 Kg7 33. Kf1 Kg8 34. Rdd3 Kg7
35. Rd1 Kg8 36. Re4 Kg7 37. Re3 Kg8 38. Rdd3 Kg7 39. Re1 Kg8 40. Re5 Kg7 41. Re1
Kg8 42. Kg1 Kg7 43. Kh2 Kg8 44. Ree3 Kg7 45. Rd2 Kg8 46. Kg1 Kg7 47. Kf1 Kg8 48.
Ke1 Kg7 49. Kd1 Kg8 50. Kc2 Kg7 51. Kb2 Re8 52. Rxe8 Qxe8 53. Qxb6 Qe5+ 54. Kc2
Qe4+ 55. Kb2 Qe5+ 56. Kc2 Qe4+ 57. Kc3 Qe5+ 58. Kc4 Qe4+ 59. Kc3 Qe5+ 60. Kc4
Qe4+ 61. Kxc5 Rb7 62. Qxb7 Qxb7 63. d7 Qb4+ 0-1

[Event "Druzynowe Mistrzostwa Polski - II Liga 2023"]
[Site "Jastrzebia Gora"]
[Date "1899-12-30"]
[Round "6.64"]
[White "Chalupnik, Marcin"]
[Black "Sciborowski, Miroslaw"]
[Result "1/2-1/2"]
[WhiteTitle "k++"]
[BlackTitle "k"]
[WhiteElo "2085"]
[BlackElo "1929"]

1. e4 d5 2. exd5 Qxd5 3. Nc3 Qd8 4. d4 Nf6 5. Nf3 g6 6. Bc4 Bg7 7. O-O O-O 8. h3
c6 9. Bf4 Nd5 10. Nxd5 cxd5 11. Bb3 Nc6 1/2-1/2

[Event "Druzynowe Mistrzostwa Polski - II Liga 2023"]
[Site "Jastrzebia Gora"]
[Date "1899-12-30"]
[Round "6.65"]
[White "Pyrzewski, Kamil"]
[Black "Rams, Michal"]
[Result "0-1"]
[WhiteTitle "I"]
[BlackTitle "k+"]
[WhiteElo "1544"]
[BlackElo "2093"]

1. d4 g6 2. Nf3 Bg7 3. c4 d6 4. Nc3 Nd7 5. e4 e5 6. d5 Ne7 7. Be2 O-O 8. h4 Nf6
9. Nh2 c6 10. Be3 b5 11. dxc6 bxc4 12. Qd2 Nxc6 13. Rd1 Nd4 14. Bxc4 Bb7 15. Qd3
Nxe4 16. Nxe4 d5 17. Bxd5 Qxd5 18. f3 Qxa2 19. Nc3 Qe6 20. h5 gxh5 21. Ne4 Qg6
22. Kf2 h4 23. Ng5 Rac8 24. Qxg6 hxg6 25. Rc1 Nf5 26. Ne4 Rxc1 27. Bxc1 Bxe4 28.
fxe4 Ng3 29. Rd1 Nxe4+ 30. Kf3 f5 31. Rd7 Rf7 32. Rd8+ Kh7 33. Nf1 Bh6 34. Be3
Rb7 35. b4 Bxe3 36. Nxe3 Rxb4 37. Rd7+ Kh6 38. Rxa7 Rb2 39. Nc4 Nd2+ 40. Nxd2
Rxd2 41. Re7 e4+ 42. Kf4 Rxg2 43. Ke5 Kg5 44. Ra7 h3 45. Ra1 h2 46. Rh1 e3 47.
Kd4 e2 48. Kd3 Rg1 49. Kd4 0-1

[Event "Druzynowe Mistrzostwa Polski - II Liga 2023"]
[Site "Jastrzebia Gora"]
[Date "1899-12-30"]
[Round "6.66"]
[White "Bednarska-bzdega, Malgorzata"]
[Black "Hertlein, Irena"]
[Result "1/2-1/2"]
[WhiteTitle "WFM"]
[BlackTitle "WFM"]
[WhiteElo "1907"]
[BlackElo "2050"]

1. e4 c5 2. Nf3 d6 3. d4 cxd4 4. Nxd4 Nf6 5. Nc3 Nc6 6. Bg5 e6 7. Qd2 a6 8. O-O-O
Bd7 9. Kb1 b5 10. Nxc6 Bxc6 11. f3 Qb6 12. Ne2 b4 13. Nd4 Bd7 14. g4 h6 15. Be3
Qb7 16. h4 Ba4 17. Rh2 Nd7 18. Qg2 Bb5 19. g5 Bxf1 20. Rxf1 hxg5 21. hxg5 Rxh2
22. Qxh2 g6 23. Qh7 Nc5 24. Rh1 O-O-O 25. Rd1 e5 26. Qh3+ Kb8 27. Nb3 Ne6 28.
Qh2 Nc7 29. Qxe5 Re8 30. Qd4 Ne6 31. Qd5 Qxd5 32. Rxd5 Be7 33. Na5 Kc7 34. Nc4
Rh8 35. a3 bxa3 36. Nxa3 Rh3 37. Rd3 Bxg5 38. Bf2 Bf4 39. Nc4 Ng5 40. Nb6 Bh2
41. f4 Rf3 42. Nd5+ Kd7 43. Rxf3 Nxf3 44. Be3 Bg1 45. Bxg1 Nxg1 46. Kc1 Ne2+ 47.
Kd2 Nd4 48. Kc3 Ne6 49. b4 Kc6 50. Kc4 Ng7 51. Ne7+ Kd7 52. Nd5 Kc6 53. Ne7+ Kd7
54. Nd5 Kc6 1/2-1/2